Atlas of infrared spectroscopy of clay minerals and their admixtures / (Record no. 5216)

MARC details
000 -LEADER
fixed length control field 00800cam a2200229 p 4500
001 - CONTROL NUMBER
control field BD-DhSAU 5216
003 - CONTROL NUMBER IDENTIFIER
control field BD-DhSAU
005 - DATE AND TIME OF LATEST TRANSACTION
control field 20150412142454.0
008 - FIXED-LENGTH DATA ELEMENTS--GENERAL INFORMATION
fixed length control field 760802s1976 nyua b 001 0 eng
020 ## - INTERNATIONAL STANDARD BOOK NUMBER
International Standard Book Number 0444411879
040 ## - CATALOGING SOURCE
Original cataloging agency BD-DhSAU
082 00 - DEWEY DECIMAL CLASSIFICATION NUMBER
Classification number 631.405
Edition number 22
Item number MAA
100 1# - MAIN ENTRY--PERSONAL NAME
Personal name Marel, H. W. van der.
245 10 - TITLE STATEMENT
Title Atlas of infrared spectroscopy of clay minerals and their admixtures /
Statement of responsibility, etc. H. W. van der Marel and H. Beutelspacher, in collaboration with E. Reitz and P. Krohmer.
260 ## - PUBLICATION, DISTRIBUTION, ETC. (IMPRINT)
Place of publication, distribution, etc. New York :
Name of publisher, distributor, etc. Elsevier Scientific Pub. Co. ,
Date of publication, distribution, etc. c1976.
300 ## - PHYSICAL DESCRIPTION
Extent viii, 396 p. :
Other physical details ill. ;
Dimensions 31 cm.
504 ## - BIBLIOGRAPHY, ETC. NOTE
Bibliography, etc Includes index and Bibliography: p. 347-387.
590 ## - Name of Cataloguer
Name of Cataloger IMRAN
650 #0 - SUBJECT ADDED ENTRY--TOPICAL TERM
Topical term or geographic name as entry element Clay
General subdivision Analysis.
650 #0 - SUBJECT ADDED ENTRY--TOPICAL TERM
Topical term or geographic name as entry element Infrared spectroscopy.
700 1# - ADDED ENTRY--PERSONAL NAME
Personal name Beutelspacher, H.,
Relator term joint author.
942 ## - ADDED ENTRY ELEMENTS (KOHA)
Source of classification or shelving scheme Dewey Decimal Classification
Koha item type Book
Holdings
Withdrawn status Lost status Source of classification or shelving scheme Damaged status Not for loan Collection code Home library Branch Name Shelving location Date acquired Total Checkouts Full call number Barcode Date last seen Price effective from Koha item type
    Dewey Decimal Classification   Not For Loan Reference SAU Library SAU Library Reference 18/06/1992   631.405 MAA 18164 12/04/2015 12/04/2015 Book
    Dewey Decimal Classification   Not For Loan Reference SAU Library SAU Library Reference 20/06/1993   631.405 MAA 23944 12/04/2015 12/04/2015 Book